Регионална библиотека "Любен Каравелов" - Русе

Берлин - Александерплац (Запис номер 184060)

MARC детайли
000 -Лидер
Контролно поле с фиксирана дължина nam a22 a 4500
003 - Код на организацията, давaща контролен номер
Контролно поле BLK
005 - Дата и час на последна редакция
Контролно поле 20221213190657.0
008 - Елементи от данни с фиксирана дължина
fixed length control field 180411b bul|||||r ||||||| ||bul||
010 ## - Наследен системен номер
LC control number KNG00193012000
040 ## - Източник на каталожния запис
Идентификатор на билиотеката - собственик на записа BLK
041 ## - Код за език
Код за езика на текст/звукозапис или на отделно заглавие Български
Код за езика КДБФ Български
080 ## - УДК
Текстов определител УДК Немска литература
УДК код - определител по УДК 821.112.2
УДК определител -31
УДК - код + определител 821.112.2-31
100 1# - Редна дума - Автор
Автор Дьоблин, Алфред
Авторска отговорност първи автор
R(LIN) 66054
139 ## - Редно поле
Редна дума Берлин - Александерплац : Историята на Франц Биберкопф
Авторски знак Бер - Б 38
245 10 - Сведения за заглавието
Заглавие Берлин - Александерплац
Подзаглавни данни Историята на Франц Биберкопф : Роман
Редно поле (дума) Алфред Дьоблин; прев. от нем. Вили Брюкнер
257 ## - Страна на издаване
Страна на създаване/издаване Германия
260 ## - Област на издателските данни
Място на издаване, разпространение и проч. София
Име на издателя, разпространителя и проч. Нар. култура
Година на издаване 1980
300 ## - Физическа характеристика
Страници 468 с.
Размери/Мащаб 21 см
380 ## - Жанр
Жанр Худож. лит.
490 ## - СЕРИИ (Колекции)
Име на серия Библиотека Избрани романи
№: серия 8
9 (RLIN) 201228
500 ## - Общи забележки
Забележка Ориг. загл. Berlin - Alexanderplatz. - Авт. не е отбелязан на кор.
700 1# - Други автори (авторска отговорност)
Лично име Брюкнер, Вили
Автороска отговорност (Описва отношението между автора и произведението) прев. от нем.
9 (RLIN) 377990
852 ## - Местоположение
Форматна сигнатура Цб 107367
Фондова буква Хранилище
856 4# - Електронен адрес и достъп
Електронен формат pdf - файл
Инструкция (цена за достъп) 0.00
Права за достъп disable
999 ## - СИСТЕМНИ КОНТРОЛНИ НОМЕРА
Koha biblionumber 184060
Koha biblioitemnumber 184060
942 ## - АРТИКУЛИ
Вид на библиотечния материал Книги
Скрит в OPAC Не
Koha issues (borrowed), all copies 3
Периодичен библиозапис Да
944 ## - СЪЗДАВАНЕ И РЕДАКЦИЯ на ЗАПИСА
Създаване/Редакция Създаване
Дата на регистрацията/редакция 13.10.2016
Служител, извършил регистрацията/редакцията Кети_Илиева
944 ## - СЪЗДАВАНЕ И РЕДАКЦИЯ на ЗАПИСА
Създаване/Редакция Редакция
Дата на регистрацията/редакция 13.10.2016
Служител, извършил регистрацията/редакцията Кети_Илиева
Наличности
Код за отписване Код за изгубен артикул Източник на класификационната схема Код за повреда Коз за рестрикции Код за отдаване Артикулен № Име на библиотеката - собственик Име на библиотеката, в която се намира в момента Статус (Текущо местоположение) Дата на вписване в системата Местоположение - отдел Цена в лева Инвентарен номер Систематично азбучна сигнатура Баркод Номер на екземпляра Цена в евро Служебна бележка Служебен тип на артикула
  Не е изгубен Universal Decimal Classification Не е повреден само за читалня ползва се в читалня 317799 Регионална библиотека "Любен Каравелов" Русе Регионална библиотека "Любен Каравелов" Русе Хранилище 1980-01-01 Хранилище 3.89 321529 Цб 107367 120000321529 1 1.99 Вид: Сф Дата: 01.01.1980 Книги
Изтеглен Не е изгубен Universal Decimal Classification Не е повреден без рестрикции заемане за дома 317800 Регионална библиотека "Любен Каравелов" Русе Регионална библиотека "Любен Каравелов" Русе Заемна - подръчен фонд 1980-01-01 Заемна - подръчен фонд 3.81 322061 П 830-31/Д 96 322061 2 1.95 Вид: Сф Дата: 01.01.1980 Книги
Изтеглен Не е изгубен Universal Decimal Classification Не е повреден без рестрикции заемане за дома 317801 Регионална библиотека "Любен Каравелов" Русе Регионална библиотека "Любен Каравелов" Русе Заемна - подръчен фонд 1980-01-01 Заемна - подръчен фонд 3.89 322064 П 821-31/Д 96 120000322064 3 1.99 Вид: Сф Дата: 01.01.1980 Дата инв: 12.02.2018 Бележки инв: П2018 Книги
Vip Innovations Ltd, Rousse, Bulgaria 2025